Deutschsprachige Nr.1-Hits (2000-2019) - Statistiken

Allgemein
  • Dieses Quiz wurde 656 mal gespielt
  • Das Durchschnittsergebnis liegt bei 18 aus 88
Antwortstatistiken
Jahr Interpret Antwort % Korrekt
2005 Tokio Hotel Durch den Monsun
66%
2019 Apache 207 Roller
65%
2007 DJ Ötzi & Nik P. Ein Stern (… der deinen Namen trägt)
59%
2005 Schnappi, das kleine Krokodil Schnappi
59%
2015 Namika Lieblingsmensch
58%
2000 Anton feat. DJ Ötzi Anton aus Tirol
55%
2015 Sido feat. Andreas Bourani Astronaut
55%
2019 Juju feat. Henning May Vermissen
51%
2017 Bausa Was du Liebe nennst
49%
2012 Die Toten Hosen Tage wie diese
48%
2014 Andreas Bourani Auf uns
47%
2007 Die Ärzte Junge
46%
2019 Rammstein Deutschland
45%
2007 Culcha Candela Hamma!
45%
2002 Herbert Grönemeyer Mensch
43%
2006 Sportfreunde Stiller ’54, ’74, ’90, 2006
38%
2012 Marteria, Yasha & Miss Platnum Lila Wolken
38%
2014 Cro Traum
36%
2015 Die Ärzte Schrei nach Liebe
35%
2019 Shirin David Gib ihm
29%
2000 Zlatko & Jürgen Großer Bruder
29%
2018 Capital Bra feat. Ufo361 Neymar
28%
2015 Cro Bye Bye
27%
2003 Yvonne Catterfeld Für dich
25%
2016 Eff Stimme
25%
2019 Capital Bra, Samra & Lea 110
24%
2018 Bonez MC & RAF Camora 500 PS
24%
2018 Namika feat. Black M Je ne parle pas français
24%
2006 Silbermond Das Beste
23%
2013 Beatrice Egli Mein Herz
23%
2018 KitschKrieg feat. Trettmann, Gringo, Ufo361 & Gzuz Standard
23%
2018 Mero Baller los
22%
2018 Olexesh feat. Edin Magisch
22%
2004 Oomph! Augen auf
20%
2018 Capital Bra Berlin lebt
20%
2019 Capital Bra & Samra Tilidin
20%
2006 Herbert Grönemeyer feat. Amadou & Mariam Zeit, dass sich was dreht
20%
2019 Mero Wolke 10
19%
2007 Höhner Wenn nicht jetzt, wann dann?
18%
2009 Ich + Ich Pflaster
17%
2002/03 Die Gerd Show Der Steuersong
15%
2008 Schnuffel Kuschel Song
15%
2007 Alex C. feat. Y-ass Du hast den schönsten Arsch der Welt
14%
2000/01 Christian Es ist geil, ein Arschloch zu sein
14%
2018/19 Capital Bra Benzema
13%
2018 Capital Bra feat. Juju Melodien
13%
2016 Prince Damien Glücksmoment
12%
2000 Die 3. Generation Leb!
12%
2017 Kollegah & Farid Bang Sturmmaske auf (Intro)
12%
2019 Samra & Capital Bra Wieder Lila
12%
2018 Bonez MC & RAF Camora feat. Gzuz Kokain
11%
2005 Nena Liebe ist
11%
2018 Capital Bra 5 Songs in einer Nacht
10%
2018 Samra Cataleya
10%
2014 Band Aid 30 Germany Do They Know It’s Christmas? (Deutsche Version)
10%
2018 Pietro Lombardi Phänomenal
10%
2019 Capital Bra Cherry Lady
9%
2018 Bushido feat. Samra & Capital Bra Für euch alle
9%
2019 Shindy DODI
8%
2019 Eno feat. Mero Ferrari
8%
2000 Zlatko Ich vermiss Dich … (wie die Hölle)
8%
2018 Capital Bra One Night Stand
8%
2007 Azad feat. Adel Tawil Prison Break Anthem (Ich glaub’ an dich)
8%
2006 Xavier Naidoo Danke
6%
2019 KC Rebell feat. Summer Cem & Capital Bra DNA
6%
2008 Rosenstolz Gib mir Sonne
6%
2019 Loredana feat. Mero Kein Plan
6%
2019 Capital Bra Prinzessa
6%
2003 Overground Schick mir ’nen Engel
6%
2003 Die Ärzte Unrockbar
6%
2019 Apache 207 Wieso tust du dir das an?
6%
2019 Samra & Capital Bra Zombie
6%
2009 Silbermond Irgendwas bleibt
5%
2019 Nimo & Hava Kein Schlaf
5%
2006 Tokio Hotel Rette mich
5%
2019 Kalazh44, Capital Bra & Samra feat. Nimo & Luciano Royal Rumble
5%
2019 Capital Bra Der Bratan bleibt der gleiche
4%
2019 Mero Hobby Hobby
4%
2007 Herbert Grönemeyer Lied 1 – Stück vom Himmel
4%
2004 Yvonne Catterfeld Du hast mein Herz gebrochen
3%
2003 Pur Ich denk an dich
3%
2019 Capital Bra & Samra Nummer 1
3%
2018 Capital Bra feat. Luciano & Eno Roli Glitzer Glitzer
3%
2019 Capital Bra & Samra Wir ticken
3%
2008 Söhne Mannheims Das hat die Welt noch nicht gesehen
2%
2006 Tokio Hotel Der letzte Tag
2%
2019 Samra Harami
2%
2007 Tokio Hotel Übers Ende der Welt
2%
Keine übereinstimmenden Quizze gefunden
Verteilung der Resultate
Anzahl Personen mit jedem Resultat
Perzentil nach korrekt beantworteten Fragen
Ihre Resultats-Entwicklung
Sie haben dieses Quiz noch nicht gespielt